000 00810nmm a2200241 a 4500
001 ocm000701115
003 TR-IsHL
005 20201028135619.0
008 131209s1965 tu tur
007 cr cn
035 _a701115
_b(N$T)
050 0 4 _aTN111
_b.T87 1965
090 0 4 _aTN111
_b.T87 1965
245 1 0 _aTürkiye'nin toprakaltı servetleri
_h[electronic resource]
260 _aİstanbul :
_bİstanbul Ticaret Odası,
_c1965
300 _a167 p.
650 4 _aEkonomi ve Finans
650 4 _aEconomics and Finance
650 0 _aMadencilik ve maden kaynakları
_x Türkiye
650 0 _aMining and mineral resources
_x Turkey
650 7 _aTECHNOLOGY & ENGINEERING / Mining
_2bisacsh
856 4 0 _uhttp://search.ebscohost.com/login.aspx?direct=true&scope=site&db=e011xww&AN=701115
999 _c6837
_d6837